Paesi più vicini al Canada - Morte improvvisa - Statistics

Statistiche generali
  • Questo quiz è stato fatto 34 volte
  • Il punteggio medio è 6 su 15
Answers on the Grid
Answers color-coded by a green-red scale on the quiz's grid according to % correct below.
Stati Uniti
Russia
Islanda
Bahamas
Messico
Cuba
Norvegia
Finlandia
Svezia
Haiti
Giamaica
Belize
Repubblica Dominicana
Guatemala
Honduras
Dominica
Costa Rica
Venezuela
Cile
Antigua e Barbuda
Filippine
Corea del Nord
Laos
Kiribati
Giappone
Cina
Nuova Zelanda
Polonia
Spagna
Marocco
 
Statistiche sulle risposte
Risposta % Corretto
Stati Uniti
88%
Russia
75%
Bahamas
50%
Islanda
50%
Messico
50%
Belize
38%
Cuba
38%
Finlandia
38%
Haiti
38%
Svezia
38%
Giamaica
25%
Guatemala
25%
Norvegia
25%
Honduras
13%
Repubblica Dominicana
13%
Nessun quiz corrispondente trovato
Distribuzione punteggi
Percentuale di utenti per punteggio
Percentile per numero di risposta
I tuoi punteggi nel tempo
Non hai fatto questo quiz